Mario Kart 8 (Deluxe) Strecken - Statistiken

Allgemein
  • Dieses Quiz wurde 419 mal gespielt
  • Das Durchschnittsergebnis liegt bei 21 aus 48
Antwortstatistiken
Cup Strecke % Korrekt
Blumen-Cup Marios Piste
84%
Panzer-Cup Marios Piste (GBA)
84%
Spezial-Cup Regenbogen-Boulevard
79%
Triforce-Cup Regenbogen-Boulevard
79%
Blitz-Cup Regenbogen-Boulevard (N64)
79%
Ei-Cup Yoshis Piste (GCN)
63%
Spezial-Cup Bowsers Festung
62%
Crossing-Cup Animal Crossing-Dorf
59%
Glocken-Cup Big Blue
56%
Stern-Cup Wario-Abfahrt
56%
Triforce-Cup Hyrule-Piste
55%
Crossing-Cup Baby-Park (GCN)
54%
Panzer-Cup Kuhmuh-Weide (Wii)
52%
Pilz-Cup Wasserpark
50%
Stern-Cup Sonnenflughafen
48%
Blumen-Cup Toads Hafenstadt
47%
Pilz-Cup Steinblock-Ruinen
46%
Pilz-Cup Zuckersüßer Canyon
45%
Stern-Cup Delfinlagune
44%
Panzer-Cup Toads Autobahn (N64)
43%
Blatt-Cup Wario-Arena (DS)
42%
Triforce-Cup Warios Goldmine (Wii)
42%
Blumen-Cup Shy Guy Wasserfälle
40%
Blatt-Cup Yoshi-Tal (N64)
40%
Stern-Cup Discodrom
39%
Ei-Cup Mute City
39%
Panzer-Cup Cheep-Cheep-Strand (DS)
38%
Ei-Cup Excitebike-Stadion
37%
Glocken-Cup Marios Metro
37%
Crossing-Cup Käseland (GBA)
36%
Blitz-Cup Röhrenraserei (3DS)
36%
Bananen-Cup Staubtrockene Wüste (GCN)
36%
Pilz-Cup Mario Kart-Stadium
35%
Blitz-Cup Ticktack-Trauma (N64)
35%
Bananen-Cup Königliche Rennpiste (N64)
34%
Bananen-Cup DK Dschungel (3DS)
33%
Blatt-Cup Instrumentalpiste (3DS)
33%
Spezial-Cup Knochentrockene Dünen
33%
Blatt-Cup Sorbet-Land (GCN)
33%
Blitz-Cup Vulkangrollen (Wii)
33%
Blumen-Cup Gruselwusel-Villa
32%
Glocken-Cup Koopa-Großstadtfieber (3DS)
32%
Spezial-Cup Wolkenstraße
32%
Bananen-Cup Donut-Ebene 3 (SNES)
30%
Glocken-Cup Party-Straße (GBA)
30%
Crossing-Cup Wilder Wipfelweg
29%
Ei-Cup Große Drachenmauer
23%
Triforce-Cup Polarkreis-Parcours
22%
Keine übereinstimmenden Quizze gefunden
Verteilung der Resultate
Anzahl Personen mit jedem Resultat
Perzentil nach korrekt beantworteten Fragen
Ihre Resultats-Entwicklung
Sie haben dieses Quiz noch nicht gespielt